| 000 | 005250000a22001930004500 | ||
|---|---|---|---|
| 001 | 002566 | ||
| 003 | MACL | ||
| 005 | 20150919113556.0 | ||
| 008 | 150919b xxu||||| |||| 00| 0 eng d | ||
| 040 |
_aMACL _cMACL |
||
| 041 | _aEnglish | ||
| 082 | _a823.054/PER | ||
| 100 |
_aPerez, Rosa Maria _911943 |
||
| 245 |
_aKings and Untouchables _bA study of the Caste System in Wesern India _cRosa Maria Perez |
||
| 260 |
_aNew Delhi _c2005 _bChronicle Books, |
||
| 350 | _a525 | ||
| 650 |
_aFiction _911944 |
||
| 942 |
_k823 _cBK _2ddc |
||
| 999 |
_c14475 _d14475 |
||